000 00271nam a2200109Ia 4500
008 220204s9999 xx 000 0 und d
082 _aNR:63:58
_bTHO
100 _aThomas, T C
245 0 _aRubber karshakan
260 _aTrivandrum
_bB V Printing works
_c1960
942 _cBK
999 _c20261
_d20261